Merkez bankaları ve türev piyasa riskleri / (Record no. 200447081)
[ view plain ]
| 000 -LEADER | |
|---|---|
| fixed length control field | 01116cam a2200313 i 4500 |
| 003 - CONTROL NUMBER IDENTIFIER | |
| control field | TR-AnTOB |
| 005 - DATE AND TIME OF LATEST TRANSACTION | |
| control field | 20220415140746.0 |
| 007 - PHYSICAL DESCRIPTION FIXED FIELD--GENERAL INFORMATION | |
| fixed length control field | ta |
| 008 - FIXED-LENGTH DATA ELEMENTS--GENERAL INFORMATION | |
| fixed length control field | 040108s2002 tu 00110 tur |
| 040 ## - CATALOGING SOURCE | |
| Original cataloging agency | TR-AnTOB |
| Language of cataloging | eng |
| Description conventions | rda |
| Transcribing agency | TR-AnTOB |
| Modifying agency | TR-AnTOB |
| 041 ## - LANGUAGE CODE | |
| Language code of text/sound track or separate title | Türkçe |
| 050 ## - LIBRARY OF CONGRESS CALL NUMBER | |
| Classification number | HG1811 |
| Item number | .A23 2002 |
| 090 ## - LOCALLY ASSIGNED LC-TYPE CALL NUMBER (OCLC); LOCAL CALL NUMBER (RLIN) | |
| Classification number (OCLC) (R) ; Classification number, CALL (RLIN) (NR) | HG1811 |
| Local cutter number (OCLC) ; Book number/undivided call number, CALL (RLIN) | .A23 2002 |
| 100 1# - MAIN ENTRY--PERSONAL NAME | |
| Personal name | Abaan, Ernur Demir |
| 9 (RLIN) | 41579 |
| 245 10 - TITLE STATEMENT | |
| Title | Merkez bankaları ve türev piyasa riskleri / |
| Statement of responsibility, etc. | Ernur Demir Abaan. |
| 264 ## - PRODUCTION, PUBLICATION, DISTRIBUTION, MANUFACTURE, AND COPYRIGHT NOTICE | |
| Place of production, publication, distribution, manufacture | Ankara : |
| Name of producer, publisher, distributor, manufacturer | TCMB, |
| Date of production, publication, distribution, manufacture, or copyright notice | 2002. |
| 300 ## - PHYSICAL DESCRIPTION | |
| Extent | 142 pages: |
| Dimensions | 24 cm |
| 336 ## - CONTENT TYPE | |
| Source | rdacontent |
| Content type term | text |
| Content type code | txt |
| 337 ## - MEDIA TYPE | |
| Source | rdamedia |
| Media type term | unmediated |
| Media type code | n |
| 338 ## - CARRIER TYPE | |
| Source | rdacarrier |
| Carrier type term | volume |
| Carrier type code | nc |
| 650 #7 - SUBJECT ADDED ENTRY--TOPICAL TERM | |
| Topical term or geographic name entry element | Bankalar ve bankacılık, Merkez |
| Source of heading or term | etuturkob |
| 9 (RLIN) | 33072 |
| 700 1# - ADDED ENTRY--PERSONAL NAME | |
| 9 (RLIN) | 41579 |
| Personal name | Abaan, Ernur Demir |
| 907 ## - LOCAL DATA ELEMENT G, LDG (RLIN) | |
| a | .b11008799 |
| b | 05-01-07 |
| c | 05-01-07 |
| 942 ## - ADDED ENTRY ELEMENTS (KOHA) | |
| Source of classification or shelving scheme | Library of Congress Classification |
| Koha item type | Book |
| 945 ## - LOCAL PROCESSING INFORMATION (OCLC) | |
| g | 1 |
| i | 255070201000007028990 |
| -- | 0652161 |
| j | 0 |
| l | blgen |
| o | - |
| p | YTL1,00 |
| q | - |
| r | - |
| s | - |
| t | 0 |
| u | 2 |
| v | 0 |
| w | 2 |
| x | 0 |
| y | .i11322524 |
| z | 05-01-07 |
| 947 ## - LOCAL PROCESSING INFORMATION (OCLC) | |
| a | 53983943 |
| b | 366345 |
| c | 6 |
| d | 39 |
| e | Hacettepe Universitesi Kutuphaneleri |
| f | Hacettepe - Beytepe |
| g | 2017-04-10 15:30:48 |
| Withdrawn status | Lost status | Source of classification or shelving scheme | Not for loan | Collection code | Home library | Current library | Shelving location | Date acquired | Source of acquisition | Inventory number | Total Checkouts | Full call number | Barcode | Date last seen | Copy number | Date shelved | Koha item type | Public note |
|---|---|---|---|---|---|---|---|---|---|---|---|---|---|---|---|---|---|---|
| Other/Generic Classification Scheme | Ödünç Verilemez-Kurumiçi kullanım / Not for loan-For inhouse use | TOBB Kütüphanesi Bağış Koleksiyonu - Klasik | Merkez Kütüphane | Merkez Kütüphane | TOBB Bağışı Koleksiyonu / TOBB Gift Collection | 01/07/2005 | TOBB Devir / TOBB Transfer | İKT | TOBBK HG1811 .A23 2002 | T002781 | 03/02/2022 | 1 | 03/02/2022 | Book | Donated by TOBB |
